| 000 | 00567nam a22001457a 4500 | ||
|---|---|---|---|
| 020 | _a0-330-44552-9 | ||
| 082 |
_a823 _bCOO/C |
||
| 100 | _aCOOK ,ROBIN | ||
| 245 | _aCRISIS | ||
| 260 |
_aLONDON _bPAN BOOKS |
||
| 300 | _a468 | ||
| 520 | _aA distinguished and self-confident physician, Craig Bowman is delivered an ego-shattering blow when he is sued for malpractice by the husband of one of his patients, hypochondriac Patience Stanhope, who died while under his care. The trial takes up the bulk of this wordy novel. | ||
| 650 |
_aNOVEL,ENGLISH _zLONDON |
||
| 942 | _cBK | ||
| 999 |
_c2490 _d2490 |
||